000 00259nam a2200133Ia 4500
100 _a#N/A
650 _aComputers
942 _cBK
654 _aAUTOCAD 2000
245 _aMastering Autocad 2000
260 _bBPB Publ.
082 _bOMU
546 _aENGLISH
999 _c28799
_d28799